000 00353nam a22001697a 4500
003 UA-OsUOA
001 4310
007 ta
008 20050721b un ||||| |||| 00| 0 ukr d
100 _aSelden
700 _aGeorge
942 _cBK
040 _aUA-OsUOA
_cUA-OsUOA
_dUA-OsUOA
245 _aThe Cricket in Times Square.
955 _a2
650 7 _2UDC
999 _c290472
_d290472